Kỹ thuật sản xuất giống và nuôi cá chạch lấu, cá chạch lửa

Sách nghiên cứu đặc điểm sinh học, sản xuất giống và kỹ thuật nuôi thương phẩm cá chạch lấu và cá chạch lửa giúp người nuôi nắm được các kỹ thuật nuôi cá chạch mang lại giá trị kinh tế cao.

Guardado en:
Detalles Bibliográficos
Autor principal: Phạm, Văn Khánh
Formato: Libro
Lenguaje:Undetermined
Publicado: Hà Nội Nông nghiệp 2017
Materias:
Etiquetas: Agregar Etiqueta
Sin Etiquetas, Sea el primero en etiquetar este registro!
Thư viện lưu trữ: Trung tâm Học liệu Trường Đại học Cần Thơ
LEADER 00977nam a2200205Ia 4500
001 CTU_230861
008 210402s9999 xx 000 0 und d
020 |c 28000 
082 |a 639.311 
082 |b Kh107 
088 |a 606270 
100 |a Phạm, Văn Khánh 
245 0 |a Kỹ thuật sản xuất giống và nuôi cá chạch lấu, cá chạch lửa 
245 0 |c Phạm Văn Khánh, Đặng Văn Trường, Nguyễn Văn Hiệp 
260 |a Hà Nội 
260 |b Nông nghiệp 
260 |c 2017 
520 |a Sách nghiên cứu đặc điểm sinh học, sản xuất giống và kỹ thuật nuôi thương phẩm cá chạch lấu và cá chạch lửa giúp người nuôi nắm được các kỹ thuật nuôi cá chạch mang lại giá trị kinh tế cao. 
650 |a Freshwater fishes,Cá nước ngọt 
980 |a Trung tâm Học liệu Trường Đại học Cần Thơ